00505nam a2200181Ia 450000500170000000800410001702000220005804000190008004100120009908200160011110000170012724500790014426000330022330000180025650400190027465000200029385000100031320221028142517.0131103s9999 xx 000 0 und d a521257131cRs.225 aLoreto College aEnglish a954.02bPEA aPearson,M.N. 4aThe new Cambridge history of Indiab the portuguese in India cM.N.Pearson aBombaybOrient Longmanc1987 axviii,178 p.  aIncludes index aIndia - History aLCLIB